Weapon Quiz (Advanced) - Statistics

General Stats
  • This quiz has been taken 7 times
  • The average score is 7 of 16
Answer Stats
Picture Answer % Correct
Chakram
75%
Hook Sword
75%
Katar
75%
Sai
75%
Khopesh
50%
Kris
50%
Naginata
50%
Tonfa
50%
Atlatl
25%
Falcata
25%
Falx
25%
Jitte
25%
Mambele
25%
Messer
25%
Ram Dao
25%
Rope dart
25%
No matching quizzes found
Score Distribution
Percent of People with Each Score
Percentile by Number Answered
Your Score History
You have not taken this quiz